Emiliano Di Cavalcanti (Record no. 6296)

MARC details
000 -CABECERA
campo de control de longitud fija 00877nam a2200241 a 4500
001 - NÚMERO DE CONTROL
campo de control BRCA_6612
005 - FECHA Y HORA DE LA ÚLTIMA TRANSACCIÓN
campo de control 20190320205527.0
008 - DATOS DE LONGITUD FIJA--INFORMACIÓN GENERAL
campo de control de longitud fija 081010c1964----ag-af#####---#000-0#spa-#
041 ## - CÓDIGO DE LENGUA
Código de lengua del texto/banda sonora o título independiente spa
044 ## - CÓDIGO DEL PAÍS DE LA ENTIDAD EDITORA/PRODUCTORA
Código MARC del país ag
050 #4 - SIGNATURA TOPOGRÁFICA DE LA BIBLIOTECA DEL CONGRESO
Número de clasificación ND553
Número de documento/Ítem .P56 96 1964
245 10 - MENCIÓN DE TÍTULO
Título Emiliano Di Cavalcanti
Mención de responsabilidad, etc. monografía y panorama cultural por Clarival do Prado Valladares ; traducción por Silvia Farré.
260 ## - PUBLICACIÓN, DISTRIBUCIÓN, ETC.
Lugar de publicación, distribución, etc. Argentina
Nombre del editor, distribuidor, etc. Codex
Fecha de publicación, distribución, etc. [1964]
300 ## - DESCRIPCIÓN FÍSICA
Extensión 1 v. (sin paginación)
Otras características físicas il., 16 láminas a color
Dimensiones 36 cm.
440 #0 - MENCIÓN DE SERIE/PUNTO DE ACCESO ADICIONAL--TÍTULO
Título Pinacoteca de los genios : la más grandiosa colección de arte del mundo
Designación de volumen o secuencia 96
9 (RLIN) 16538
500 ## - NOTA GENERAL
Nota general Incluye índice de ilustraciones
500 ## - NOTA GENERAL
Nota general Donación Dra. Elsa Barberena
600 14 - PUNTO DE ACCESO ADICIONAL DE MATERIA--NOMBRE DE PERSONA
Nombre de persona Cavalcanti, Emiliano Di
Fechas asociadas al nombre 1897-1976
9 (RLIN) 16539
700 1# - PUNTO DE ACCESO ADICIONAL--NOMBRE DE PERSONA
Nombre de persona Prado Valladares, Clarival do
9 (RLIN) 16540
700 1# - PUNTO DE ACCESO ADICIONAL--NOMBRE DE PERSONA
Nombre de persona Farré, Silvia
Término indicativo de función/relación tr.
9 (RLIN) 16541
902 ## - CATALOGADOR
Iniciales DEB
942 ## - ELEMENTOS DE PUNTO DE ACCESO ADICIONAL (KOHA)
Fuente del sistema de clasificación o colocación Library of Congress Classification
Tipo de ítem Koha Libros
Holdings
Estado de retiro Estado de pérdida Estado dañado No para préstamo Localización permanente Ubicación/localización actual Fecha de adquisición Total de préstamos Signatura topográfica completa Código de barras Fecha visto por última vez Precio válido a partir de Tipo de ítem Koha
El ejemplar forma parte de la colección y puede ser consultado según las políticas vigentes.       Biblioteca del Museo Franz Mayer (Rogerio Casas-Alatriste) Biblioteca del Museo Franz Mayer (Rogerio Casas-Alatriste) 04/10/2011   ND553 .P56 96 1964 DEB00059 22/03/2019 22/03/2019 Libros